000 00773nam a2200277 i 4500
001 000027059
003 DO-SdBNP
005 20260128122528.0
007 ta
008 280126s2025 dr a 000 0 spa d
020 _a9789945936551
040 _aDO-SdBNP
_bspa
_cBNPHU
_erda
041 _aspa
082 _axxx
_bJ414t
_222
100 1 _aJauss, Billie
_eautor
_929009
245 1 0 _aTrabajo en equipo victoriosos /
_cBillie Jauss
264 1 _aSanto Domingo :
_bCompassion International,
_c2025
300 _a54 páginas :
_bilustraciones ;
_c21 cm.
336 _2rdacontent
_atexto
_btxt
337 _2rdamedia
_asin mediación
_bn
338 _2rdacarrier
_avolumen
_bnc
590 _aInventariado, 2026/ DG
700 _984822
910 _aDG
942 _2ddc
_cLBS1
999 _c60151
_d60151